Manual de preparación Matemática

保存先:
書誌詳細
主要な著者: Tapia Rojas, Oscar Alfredo (著者), López González, David (著者), Olivares Sepúlveda, Jorge (著者)
その他の著者: Ormazábal Díaz-Muñoz, Miguel Ramón (autor)
フォーマット: 図書
言語:スペイン語
出版事項: Santiago Ediciones Universidad Católica de Chile 2003
版:2a. ed
主題:
タグ: タグ追加
タグなし, このレコードへの初めてのタグを付けませんか!

MARC

LEADER 00000nam a2200000 a 4500
001 UCH4339
003 CL-VaPUC
008 090818e20030000CL |||||||||||||||||spa|d
020 |a 9561407108 
082 0 4 |a 378.16  |b TAP  |2 21 
100 0 |a Tapia Rojas, Oscar Alfredo  |e author  |9 539859 
700 |a Ormazábal Díaz-Muñoz, Miguel Ramón  |e autor  |9 549283 
700 0 |a López González, David  |e author  |9 539861 
700 0 |a Olivares Sepúlveda, Jorge  |e author  |9 539862 
245 1 0 |a Manual de preparación Matemática 
250 |a 2a. ed 
300 |a 494 p 
942 |c BK 
945 |d 20090818 00:00:00  |a lazolas 
260 |a Santiago  |b Ediciones Universidad Católica de Chile  |c 2003 
650 0 |a Matemáticas   |v Problemas, ejercicios, etc  |9 883048 
650 7 |a PRUEBA DE SELECCION UNIVERSITARIA  |2 CL-VaPUC  |9 537094 
583 |a last modification  |c 20090818 00:00:00  |k Rodrigo Vera 
999 |c 335664  |d 335662